00535nam a2200181 a 450000100060000000300090000600800410001502000150005604000280007108200160009910000290011524500270014426000320017130000110020349000300021465000620024465000470030617229CO-ViMGA141112s2004 ck r 000 u spa d a9586147282 aCO-ViMGAbspacCO-ViMGA a918.67 C17p1 aCastro Caicedo, Germán10aPerdido en el Amazonas aBogotá, cPlaneta, c1998 a281.p. aletras colombianas de hoy14aAMAZONAS - COLOMBIA - DESCRIPCIONES Y VIAJES - REPORTAJES14aPROBLEMAS SOCIALES - COLOMBIA - REPORTAJES